Ctenostome bryozoans : keys and notes for the identification fof the species

Αποθηκεύτηκε σε:
Λεπτομέρειες βιβλιογραφικής εγγραφής
Κύριος συγγραφέας: Hayward, P. J. (Peter J.)
Άλλοι συγγραφείς: Kermack, D. M. (edtf), Barnes, R. S. K. (Richard Stephen Kent) (Επιμελητής έκδοσης)
Μορφή: Βιβλίο
Γλώσσα:English
Δημοσίευση: London : E. J. Brill/Dr. W.Backhuys, 1985.
Σειρά:Synopses of the British fauna ; 33
Θέματα:
Ετικέτες: Προσθήκη ετικέτας
Δεν υπάρχουν, Καταχωρήστε ετικέτα πρώτοι!

MARC

LEADER 00000cam a2200000 i 4500
001 1/1026
008 950706s1985 enk| ||| |||| ||eng||
020 |a 9004074716 
035 |l 10014290 
040 |a GR-MyUa  |b gre  |e AACR2 
041 0 |a eng 
082 7 |a 594.676   |2 (22) 
100 1 |a Hayward, P. J.   |q (Peter J.) 
245 1 0 |a Ctenostome bryozoans :   |b keys and notes for the identification fof the species /   |c P.J. Hayward ; edited by Doris M. Kermack and R.S.K. Barnes.  
260 |a London :   |b E. J. Brill/Dr. W.Backhuys,   |c 1985.  
300 |a 169 σ. :   |b εικ.  
490 1 |a (Synopses of the British fauna ;   |v 33)  
650 0 0 |a Ctenostomata. 
650 0 0 |a Ctenostomata  |x Identification. 
700 1 |a Kermack, D. M.  |e edtf 
700 1 |a Barnes, R. S. K.   |q (Richard Stephen Kent)  |e edt 
830 0 |a Synopses of the British fauna ;  |v 33 
852 |a INST  |b LESVOS  |e 19950706  |h 594.676 HAY  |p 005100007944  |q 005100007944  |t BK  |y 0 
922 |a 1ΕΛΗ  |b 198803  |c ΠΠ/7101/96 
970 |z 2000/06/ΟΙΚΟΝΟΜΟΠΟΥΛΟΥ ΧΡΙΣΤΙΝΑ